Valuation Notification - COVID-19 (Coronavirus) (Record no. 121233)

MARC details
000 -LEADER
fixed length control field 00836nas a22001817a 4500
007 - PHYSICAL DESCRIPTION FIXED FIELD--GENERAL INFORMATION
fixed length control field ta
008 - FIXED-LENGTH DATA ELEMENTS--GENERAL INFORMATION
fixed length control field 200320b2020 ||||| |||| 00| 0 eng d
041 ## - LANGUAGE CODE
Language code of text/sound track or separate title eng
110 ## - MAIN ENTRY--CORPORATE NAME
9 (RLIN) 4900
Corporate author Royal Institution of Chartered Surveyors
245 ## - TITLE STATEMENT
Title Valuation Notification - COVID-19 (Coronavirus)
260 ## - PUBLICATION INFORMATION
Date 2020
490 ## - SERIES TITLE
Series statement RICS Press Release
Volume 19 March 2020
520 ## - ABSTRACT
Abstract Provides advice to members carrying out valuations in accordance with the Red Book in the light of the Coronavirus. Reminds on the importance of transparency and that instructions and terms of engagement with clients must be cleared set ou.
650 ## - KEYWORDS
Keywords Coronavirus
651 ## - SUBJECT ADDED ENTRY--GEOGRAPHIC NAME
Geographic name International
690 ## - LOCAL SUBJECT ADDED ENTRY--TOPICAL TERM (OCLC, RLIN)
9 (RLIN) 6273
Topical term or geographic name as entry element Valuation
856 ## - ONLINE RESOURCE
Uniform Resource Identifier https://www.rics.org/uk/news-insight/latest-news/press/press-releases/valuation-notification-coronavirus/
Public note Read the press release
Holdings
Withdrawn status Lost status Damaged status Not for loan Home library Current library Shelving location Date acquired Total Checkouts Date last seen Price effective from Koha item type
        Virtual Virtual Online 20/03/2020   20/03/2020 20/03/2020 Online material